Viage de España / (Registro nro. 121297)

Detalles MARC
000 -LEADER
campo de control de longitud fija 00669nam a2200205 4500
001 - NÚMERO DE CONTROL
campo de control 121297
003 - IDENTIFICADOR DE NÚMERO DE CONTROL
campo de control ES-MaACL
005 - FECHA Y HORA DE LA ÚLTIMA TRANSACCIÓN
campo de control 20250811063143.0
007 - CAMPO FIJO DE DESCRIPCIÓN FÍSICA--INFORMACIÓN GENERAL
campo de control de longitud fija t|
008 - DATOS DE LONGITUD FIJA--INFORMACIÓN GENERAL
campo de control de longitud fija 070214s1972 sp r ||||1| spa d
100 1# - ENTRADA PRINCIPAL--NOMBRE DE PERSONA
Nombre de persona Ponz, Antonio,
Fechas asociadas al nombre 1725-1792
9 (RLIN) 93069
245 10 - MENCIÓN DEL TÍTULO
Título Viage de España /
Mención de responsabilidad, etc. Antonio Ponz.
260 ## - PUBLICACIÓN, DISTRIBUCIÓN, ETC.
Lugar de publicación, distribución, etc. Madrid :
Nombre del editor, distribuidor, etc. Atlas,
Fecha de publicación, distribución, etc. 1972.
300 ## - DESCRIPCIÓN FÍSICA
Extensión 18 v. ;
Dimensiones 17 cm.
500 ## - NOTA GENERAL
Nota general Reproducción facsímil de la edición de ; Madrid, Viuda de Ibarra, 1787-1794.
651 #4 - PUNTO DE ACCESO ADICIONAL DE MATERIA--NOMBRE GEOGRÁFICO
Nombre geográfico España-
Subdivisión general Descripción-
Subdivisión de forma Obras anteriores a 1800.
9 (RLIN) 147509
651 #4 - PUNTO DE ACCESO ADICIONAL DE MATERIA--NOMBRE GEOGRÁFICO
Nombre geográfico España-
Subdivisión general Viajes.
9 (RLIN) 149123
852 ## - LOCALIZACIÓN
Ubicación ES-MaACL
Número de control de estantería E-5491-508
Sublocalización o colección R.89410
Existencias
Estatus retirado Estado de pérdida Estado de daño No para préstamo Biblioteca de origen Biblioteca actual Ubicación en estantería Fecha de adquisición Fuente de adquisición Total de préstamos Signatura topográfica completa Código de barras Visto por última vez Precio de reemplazo Tipo de ítem Koha
        Biblioteca del Ateneo de Madrid Biblioteca del Ateneo de Madrid Depósito 2 17/01/2008     E-5491-508 1126416 23/02/2023 23/02/2023 Libro impreso